Top 30 WWE Wrestlers in 2024 - Statistics

General Stats
  • This quiz has been taken 83 times
  • The average score is 17 of 30
Answer Stats
Hint Answer % Correct
2 Cody Rhodes
93%
1 Roman Reigns
93%
4 Seth Rollins
85%
6 CM Punk
80%
5 Jey Uso
80%
7 Drew McIntyre
76%
3 Gunther
72%
8 Randy Orton
72%
27 Rey Mysterio
66%
24 Logan Paul
62%
9 Rhea Ripley
59%
19 Liv Morgan
58%
21 AJ Styles
56%
13 Damian Priest
56%
11 Kevin Owens
55%
12 Sami Zayn
55%
20 Finn Balor
52%
14 Bianca Belair
51%
16 Bron Breakker
51%
15 LA Knight
49%
17 Solo Sikoa
48%
25 Dominik Mysterio
46%
28 Nia Jax
44%
18 Sheamus
44%
26 Jacob Fatu
41%
10 Iyo Sky
38%
30 Tiffany Stratton
38%
22 Bronson Reed
28%
23 Oba Femi
15%
29 Ethan Page
8%
No matching quizzes found
Score Distribution
Percent of People with Each Score
Percentile by Number Answered
Your Score History
You have not taken this quiz